00796nam a2200229 a 450000100060000000300080000600500170001400800410003103500190007204000310009104100080012208200220013010000390015224500780019126000320026930000250030150400510032665000230037794200120040099900170041295201370042959829BD-RjUL20211209080755.0161227s1963 enk b 001 0 eng d a(BD-RjUL)59953 aBTScBTSdBD-RjULbBD-RjUL aeng 223a330bROP 19631 aRobbins, Lord d1898-1984.917804010aPolitics and economics :bpapers in political economy /cby Lord Robbins. aLondon :bMacmillan,c1963. aix, 230 p. ;c23 cm. aIncludes bibliographical references and index. 0aEconomics.9170576 2ddccBK c59829d59829 00102ddc40718NFICaRUCLbRUCLcReadingd1964-02-29eZeitlingerg25.00l0o330 ROP 1963r2016-12-27 00:00:00tC-1w2016-12-27yBK